| 000 | 00878nam a2200229 a 4500 | ||
|---|---|---|---|
| 001 | 65613 | ||
| 003 | BD-RjUL | ||
| 005 | 20211209081438.0 | ||
| 008 | 170308s1945 ii ||||| |||| 00| f ben d | ||
| 035 | _a(BD-RjUL)65743 | ||
| 040 |
_aBD-RjUL _bben _cBD-RjUL |
||
| 041 | _aben | ||
| 082 |
_223 _a780.954 _bCHD 1945 |
||
| 100 |
_aচৌধুরী, প্রমথ _9147347 |
||
| 245 | 1 | 0 |
_aহিন্দু সংগীত / _cপ্রমথ চৌধুরী এবং শ্রী ইন্দিরা দেবী চৌধুরী |
| 260 |
_aকলিকাতা : _bবিশ্বভারতী, _c১৯৪৫ |
||
| 300 |
_a৪৬ পৃ. ; _c২৪ সেমি. |
||
| 650 |
_aসংগীত _zভারত _9193269 |
||
| 650 |
_aMusic _zIndia _9194105 |
||
| 700 |
_aচৌধুরী, শ্রী ইন্দিরা দেবী _9194106 |
||
| 942 |
_2ddc _cBK |
||
| 999 |
_c65613 _d65613 |
||